| 000 | 01197cam a22002891 4500 | ||
|---|---|---|---|
| 001 | 2642120 | ||
| 005 | 20060214185032.0 | ||
| 008 | 731212s1967 nyua |rb 000 0 eng | ||
| 010 | _a 66017297 | ||
| 040 |
_aDLC _cDLC _dDLC |
||
| 041 | 1 | _aengger | |
| 043 |
_aee----- _ad------ |
||
| 050 | 0 | 0 |
_aHF1411 _b.M813 |
| 082 | 0 | 0 |
_a337.091717 _222 _bMUL |
| 100 | 1 |
_aMuller, Kurt, _d1903- _911219 |
|
| 240 | 1 | 0 |
_aUber Kalkutta nach Paris? _lEnglish |
| 245 | 1 | 4 |
_aThe Foreign Aid Programs of the Soviet Bloc and Communist China/ _cKurt Muller; Translated by Richard H. Weber and Michael Roloff. |
| 260 |
_aNew York: _bWalker, 1967 _c1967 |
||
| 300 |
_axiii, 331 p.: _bill. ; _c24 cm. |
||
| 500 | _aFirst published in Germany as Uber Kalkutta nach Paris? | ||
| 504 | _aBibliographical footnotes. | ||
| 650 | 0 |
_aTechnical assistance, Communist. _911220 |
|
| 651 | 0 |
_aCommunist countries _xForeign economic relations _zDeveloping countries. _911221 |
|
| 651 | 0 |
_aDeveloping countries _xForeign economic relations _zCommunist countries. _911222 |
|
| 942 |
_2ddc _cBB |
||
| 999 |
_c13350 _d13350 |
||